000 00366nam a2200133Ia 4500
008 220216s9999 xx 000 0 und d
100 _aGorton A D
245 0 _aParticle size measurement of rubber latices (1983 reviews)
260 _bRubber Chemistry and Technology
_c1983
650 _a1983 reviews
650 _aRubber latices
700 _aPendle
942 _cJS
999 _c64616
_d64616